000 00430nam a2200169 i 4500
001 bg
100 1 _aZOUTENDIJK, G.
245 0 _aMathematical Programming Methods /
_cG. Zoutendijk.
260 _aAmsterdam :
_bNorth-Holland Publishing Company,
_c1976.
020 _a0720404215
040 _cBPK
041 _apol
080 _a519.85
920 _a0-7204-0421-5
942 _cKS
008 s pl f |000 0 pol
999 _c27797
_d27797
856 _uhttp://koha.tu.koszalin.pl/cgi-bin/koha/opac-detail.pl?biblionumber=27797
_yKatalog online BPK